000 00319nam a2200133Ia 4500
005 20251222143106.0
008 251222s9999||||xx |||||||||||||| ||spa||
020 _a84-254-1388-5
082 _a262/D57/Ej.2
100 _aDenzinger, Enrique
245 0 _aEl magisterio de la Iglesia:
264 _bHerder
942 _cLIB
999 _c11010
_d11010